[Event "European Union Youth Championship - U12"]
[Site "Kouty nad Desnou, hotel DS"]
[Date "2015.08.22"]
[Round "4.12"]
[White "Maciulaityte, Barbora"]
[Black "Olariu, Luca-Stefan"]
[Result "0-1"]
[WhiteElo "1314"]
[BlackElo "1565"]
[PlyCount "36"]
[EventDate "2015.08.19"]
[EventRounds "9"]
[EventCountry "CZE"]

1. e4 c5 2. c3 Nf6 3. e5 Nd5 4. d4 cxd4 5. cxd4 Nc6 6. Bc4 Nb6 7. Bb5 a6 8. Be2
d6 9. Nf3 dxe5 10. dxe5 Qxd1+ 11. Bxd1 Bf5 12. Nc3 e6 13. O-O Nc4 14. Re1 Bg4
15. Bf4 Nxb2 16. Bg3 Bb4 17. Re3 Nc4 18. Rd3 Bf5 0-1

[Event "European Union Youth Championship - U12"]
[Site "Kouty nad Desnou, hotel DS"]
[Date "2015.08.21"]
[Round "3.11"]
[White "Olariu, Luca-Stefan"]
[Black "Vanduyfhuys, Daria"]
[Result "1/2-1/2"]
[WhiteElo "1565"]
[BlackElo "1468"]
[PlyCount "106"]
[EventDate "2015.08.19"]
[EventRounds "9"]
[EventCountry "CZE"]

1. e4 c5 2. Nf3 Nc6 3. d4 cxd4 4. Nxd4 e5 5. Ne2 Nf6 6. Nbc3 d6 7. g3 Be6 8.
Bg2 Be7 9. O-O O-O 10. Be3 Qd7 11. Nd5 Bxd5 12. exd5 Nb4 13. Nc3 Bd8 14. a3 Na6
15. Qe2 Bb6 16. Bxb6 axb6 17. Qe3 Qc7 18. Kh1 Qc5 19. Qg5 h6 20. Qf5 Qc8 21.
Qd3 Nc5 22. Qd2 Na4 23. Nxa4 Rxa4 24. c3 Qc7 25. Qc2 Raa8 26. f4 exf4 27. Rxf4
Rfe8 28. Raf1 Re5 29. Qd2 Rae8 30. R4f2 Qc4 31. Rf4 Qe2 32. Qxe2 Rxe2 33. R4f2
Rxf2 34. Rxf2 Re1+ 35. Rf1 Rxf1+ 36. Bxf1 Nxd5 37. Bg2 Ne3 38. Bxb7 Nd1 39. b4
Nxc3 40. Kg2 Kf8 41. Kf3 Ke7 42. Ke3 Kd7 43. Kd3 Nb5 44. a4 Na7 45. a5 bxa5 46.
bxa5 Kc7 47. Bd5 f6 48. Ke4 Kd7 49. Kf5 Ke7 50. Kg6 Kf8 51. Kf5 Ke7 52. Kg6 Kf8
53. Kf5 Ke7 1/2-1/2

[Event "European Union Youth Championship - U12"]
[Site "Kouty nad Desnou, hotel DS"]
[Date "2015.08.20"]
[Round "2.13"]
[White "Trzaskowska, Hanna"]
[Black "Olariu, Luca-Stefan"]
[Result "1/2-1/2"]
[WhiteElo "1192"]
[BlackElo "1565"]
[PlyCount "123"]
[EventDate "2015.08.19"]
[EventRounds "9"]
[EventCountry "CZE"]

1. e4 e5 2. Nf3 Nc6 3. Bc4 Bc5 4. c3 Nf6 5. d4 exd4 6. cxd4 Bb4+ 7. Bd2 Bxd2+
8. Nbxd2 d5 9. exd5 Nxd5 10. O-O O-O 11. Nb3 Bg4 12. Qd3 Re8 13. Rfe1 Ncb4 14.
Rxe8+ Qxe8 15. Qe2 Qxe2 16. Bxe2 Re8 17. Bd1 c6 18. Kf1 Kf8 19. a3 Nd3 20. Rb1
N3f4 21. h3 Bf5 22. Rc1 Bd3+ 23. Kg1 Be2 24. Ne1 Bxd1 25. Rxd1 Re2 26. Rb1 Nb6
27. Na5 Re7 28. Kf1 Rd7 29. Rd1 Ne6 30. Nf3 f6 31. g3 c5 32. Nb3 cxd4 33. Nbxd4
Nxd4 34. Nxd4 Kf7 35. Ke2 Nc4 36. Nb5 Rxd1 37. Kxd1 a6 38. Nd4 Nxb2+ 39. Kc2
Nc4 40. a4 Nd6 41. f3 f5 42. Kc3 Kf6 43. f4 Ne4+ 44. Kc4 Nxg3 45. Kc5 Ne4+ 46.
Kb6 Nc3 47. a5 Nd5+ 48. Kxb7 Nxf4 49. Kxa6 Ke5 50. Nc6+ Kd6 51. Kb7 Ne6 52. Kb6
Nc5 53. Nd4 f4 54. Nf5+ Kd5 55. Nxg7 f3 56. Nh5 f2 57. Ng3 Kd6 58. h4 Nd7+ 59.
Kb7 Nc5+ 60. Kb6 Nd7+ 61. Kb7 Nc5+ 62. Kb6 1/2-1/2

[Event "European Union Youth Championship - U12"]
[Site "Kouty nad Desnou, hotel DS"]
[Date "2015.08.19"]
[Round "1.2"]
[White "Olariu, Luca-Stefan"]
[Black "Leszko, Bence"]
[Result "0-1"]
[WhiteElo "1565"]
[BlackElo "1968"]
[PlyCount "66"]
[EventDate "2015.08.19"]
[EventRounds "9"]
[EventCountry "CZE"]

1. e4 e6 2. d4 d5 3. Nd2 Nc6 4. Ngf3 Nf6 5. e5 Nd7 6. Bd3 f6 7. exf6 Qxf6 8.
Nb3 Bd6 9. Bg5 Qf7 10. O-O O-O 11. Bd2 Qh5 12. h3 e5 13. Be2 exd4 14. Nfxd4 Qe5
15. f4 Qe7 16. Nb5 Nf6 17. Nxd6 Qxd6 18. Be3 b6 19. Bf3 Ne7 20. Qd2 c6 21. Rad1
Bf5 22. Bf2 Ng6 23. g4 Be4 24. Bg3 Bxf3 25. Rxf3 Ne4 26. Qh2 Nxg3 27. Qxg3 Nxf4
28. Kh1 Qh6 29. g5 Qh5 30. Rdf1 Qxh3+ 31. Qh2 Qxh2+ 32. Kxh2 Ne6 33. Rxf8+ Rxf8
0-1

[Event "Campionatul  National de sah pentru cop"]
[Site "Calimanesti-Caciulata"]
[Date "2015.04.06"]
[Round "9.5"]
[White "Olariu, Luca-Stefan"]
[Black "Juravle, Mihnea-Marian"]
[Result "0-1"]
[WhiteElo "1478"]
[BlackElo "1521"]
[PlyCount "62"]
[EventDate "2015.03.30"]
[EventRounds "7"]

1. e4 e5 2. Nf3 Nc6 3. d4 exd4 4. Nxd4 Nf6 5. Nc3 Bb4 6. Nxc6 bxc6 7. Bd3 O-O
8. O-O d5 9. exd5 cxd5 10. a3 Bg4 11. Be2 Bxe2 12. Qxe2 Bxc3 13. bxc3 Ne4 14.
Qf3 c6 15. Re1 Qa5 16. Re3 f5 17. h3 c5 18. Rd3 c4 19. Rd1 Qxc3 20. Qxc3 Nxc3
21. Bb2 Nxd1 22. Rxd1 Rfd8 23. Kf1 Rac8 24. Bc3 Rc6 25. Ke2 Rcd6 26. Bb4 R6d7
27. c3 d4 28. cxd4 Rxd4 29. Rxd4 Rxd4 30. Bd2 Rd5 31. Kd1 c3 0-1

[Event "Campionatul  National de sah pentru cop"]
[Site "Calimanesti-Caciulata"]
[Date "2015.04.05"]
[Round "8.7"]
[White "Coticeru, Dragos-Ionut"]
[Black "Olariu, Luca-Stefan"]
[Result "0-1"]
[WhiteElo "1721"]
[BlackElo "1478"]
[PlyCount "56"]
[EventDate "2015.03.30"]
[EventRounds "7"]

1. d4 Nf6 2. c4 g6 3. Nc3 Bg7 4. e4 d6 5. Nge2 O-O 6. Ng3 Nbd7 7. Be2 c5 8. d5
h5 9. h4 Ne5 10. Bg5 Bg4 11. f3 Bd7 12. Nf1 a6 13. Ne3 b5 14. cxb5 axb5 15.
Bxf6 Bxf6 16. f4 Ng4 17. Nxg4 hxg4 18. Bxg4 b4 19. h5 bxc3 20. hxg6 fxg6 21.
Be6+ Bxe6 22. dxe6 cxb2 23. Rb1 Kg7 24. f5 Rh8 25. Rf1 Qa5+ 26. Kf2 Bd4+ 27.
Kf3 Qc3+ 28. Kg4 Bf6 0-1

[Event "Campionatul  National de sah pentru cop"]
[Site "Calimanesti-Caciulata"]
[Date "2015.04.04"]
[Round "7.11"]
[White "Gherghel-Butan, Mircea"]
[Black "Olariu, Luca-Stefan"]
[Result "1/2-1/2"]
[WhiteElo "1741"]
[BlackElo "1478"]
[PlyCount "88"]
[EventDate "2015.03.30"]
[EventRounds "7"]

1. d4 Nf6 2. Nf3 g6 3. c4 Bg7 4. Nc3 O-O 5. Bf4 d6 6. h3 Nbd7 7. e3 Qe8 8. Bh2
e5 9. Nb5 Qd8 10. dxe5 dxe5 11. Nxe5 Ne8 12. Nxd7 Bxd7 13. Qb3 c6 14. Nc3 Qa5
15. Be2 Be6 16. O-O b6 17. Rfd1 Bxc3 18. Qxc3 Qxc3 19. bxc3 Nf6 20. f3 Rad8 21.
Kf2 c5 22. Rd6 Rxd6 23. Bxd6 Rc8 24. Be5 Ne8 25. Rd1 Kf8 26. Rd2 Ke7 27. Ke1
Rd8 28. Rxd8 Kxd8 29. Kd2 Ke7 30. e4 Nd6 31. Bxd6+ Kxd6 32. f4 f6 33. a3 g5 34.
fxg5 fxg5 35. Ke3 Ke5 36. Bd3 Bd7 37. Kf3 Be6 38. Bf1 Bd7 39. g3 Be6 40. h4 g4+
41. Ke3 h5 42. Kd3 Bd7 43. Ke3 Bc6 44. Bd3 Bb7 1/2-1/2

[Event "Campionatul  National de sah pentru cop"]
[Site "Calimanesti-Caciulata"]
[Date "2015.04.03"]
[Round "6.9"]
[White "Olariu, Luca-Stefan"]
[Black "Chivulescu, Adrian-Alexandru"]
[Result "1/2-1/2"]
[WhiteElo "1478"]
[BlackElo "1631"]
[PlyCount "86"]
[EventDate "2015.03.30"]
[EventRounds "7"]

1. e4 e5 2. Nf3 Nc6 3. d4 exd4 4. Bc4 Bc5 5. c3 Nf6 6. cxd4 Bb4+ 7. Bd2 Nxe4 8.
Bxb4 Nxb4 9. Bxf7+ Kxf7 10. Qb3+ d5 11. Ne5+ Ke6 12. Qxb4 Qf8 13. Qxf8 Rxf8 14.
Nc3 c6 15. f3 Nd6 16. O-O Nf5 17. Rfe1 Kd6 18. Rad1 Be6 19. Kf2 Bg8 20. g4 Nh6
21. Kg3 Nf7 22. f4 g6 23. Rd2 Nd8 24. Ne2 Ne6 25. Rd3 Nc7 26. Rf3 Ne8 27. f5
gxf5 28. Rxf5 Rxf5 29. gxf5 Nf6 30. Nc3 Rf8 31. Rf1 c5 32. Nb5+ Ke7 33. dxc5
Ne4+ 34. Kg4 a6 35. Nd4 Nxc5 36. Kg5 Rf6 37. Ng4 Ne4+ 38. Kf4 Rb6 39. b3 Nf6
40. Nxf6 Kxf6 41. Rg1 Bf7 42. Rc1 Rb4 43. Rd1 Rb6 1/2-1/2

[Event "Campionatul  National de sah pentru cop"]
[Site "Calimanesti-Caciulata"]
[Date "2015.04.02"]
[Round "5.7"]
[White "Olariu, Luca-Stefan"]
[Black "Secrieru, Andrei-Cristian"]
[Result "1/2-1/2"]
[WhiteElo "1478"]
[BlackElo "1627"]
[PlyCount "63"]
[EventDate "2015.03.30"]
[EventRounds "7"]

1. d4 d5 2. c4 e6 3. Nc3 c5 4. cxd5 exd5 5. Nf3 Nc6 6. g3 Nf6 7. Bg2 Be7 8. O-O
O-O 9. Bg5 cxd4 10. Nxd4 h6 11. Nxc6 bxc6 12. Be3 Be6 13. Na4 Re8 14. Rc1 Qd7
15. Bc5 Rac8 16. Bxe7 Qxe7 17. Nc5 Bg4 18. Bf3 Bh3 19. Re1 Ng4 20. e3 Ne5 21.
Be2 Qf6 22. b3 g5 23. Nd3 Nxd3 24. Qxd3 Qe6 25. Rc5 Rc7 26. Rec1 Rec8 27. Bf3
Qf6 28. Bg2 Bxg2 29. Kxg2 Qe6 30. Qc2 Kf8 31. b4 Ke7 32. a3 1/2-1/2

[Event "Campionatul  National de sah pentru cop"]
[Site "Calimanesti-Caciulata"]
[Date "2015.04.02"]
[Round "4.15"]
[White "Sarighioleanu, Sebastian-Laure"]
[Black "Olariu, Luca-Stefan"]
[Result "0-1"]
[WhiteElo "1591"]
[BlackElo "1478"]
[PlyCount "74"]
[EventDate "2015.03.30"]
[EventRounds "7"]

1. d4 d5 2. c4 e6 3. Nc3 c5 4. cxd5 exd5 5. Nf3 Nc6 6. e3 c4 7. e4 dxe4 8. Nxe4
b5 9. Be2 Bf5 10. Ng3 Bg6 11. a3 Nf6 12. Bg5 h6 13. Be3 Be7 14. O-O O-O 15. Qd2
Nd5 16. Ne5 Nxe5 17. dxe5 Nxe3 18. Qxe3 Qc7 19. Rad1 Bc5 20. Qc3 Rfe8 21. Bf3
Rad8 22. Rfe1 Rxd1 23. Bxd1 Qb6 24. Qd2 Qd8 25. Ne4 Bxe4 26. Qc3 Bg6 27. Bf3
Qd4 28. Qc1 Qxf2+ 29. Kh1 Rd8 30. Re2 Qd4 31. Re1 Qd2 32. Qa1 Qf4 33. Bc6 a6
34. g3 Qf2 35. Rf1 Qc2 36. Rc1 Be4+ 37. Bxe4 Qxe4# 0-1

[Event "Campionatul  National de sah pentru cop"]
[Site "Calimanesti-Caciulata"]
[Date "2015.03.31"]
[Round "2.23"]
[White "Cioculeasa, Andrei-Vlad"]
[Black "Olariu, Luca-Stefan"]
[Result "0-1"]
[WhiteElo "1151"]
[BlackElo "1478"]
[PlyCount "97"]
[EventDate "2015.03.30"]
[EventRounds "7"]

1. e4 c5 2. Nf3 Nc6 3. Nc3 g6 4. Be2 Bg7 5. d3 e6 6. Be3 Nd4 7. O-O Ne7 8. Bxd4
cxd4 9. Nb1 O-O 10. c3 dxc3 11. bxc3 Nc6 12. d4 d5 13. e5 f6 14. exf6 Bxf6 15.
c4 dxc4 16. Bxc4 Nxd4 17. Nbd2 Nxf3+ 18. Nxf3 Bxa1 19. Qxa1 Qf6 20. Qxf6 Rxf6
21. Re1 Bd7 22. Ne5 Bc6 23. Nxc6 bxc6 24. Bxe6+ Kf8 25. Bd7 Rd8 26. Bh3 Rd2 27.
f3 Rfd6 28. a4 Rd1 29. Rxd1 Rxd1+ 30. Kf2 Rd4 31. a5 Ra4 32. Bd7 Ra2+ 33. Kg3
c5 34. f4 Rxa5 35. f5 gxf5 36. Bxf5 Kg7 37. Be6 Ra6 38. Bc4 Rc6 39. Kf4 Kf6 40.
Ke4 Rd6 41. Ke3 a5 42. Bb5 Rb6 43. Ba4 Rb4 44. Bc2 a4 45. Kd3 a3 46. Ke3 Ke5
47. g3 Kd5 48. Bd1 a2 49. Bb3+ 0-1

[Event "Campionatul  National de sah pentru cop"]
[Site "Calimanesti-Caciulata"]
[Date "2015.03.30"]
[Round "1.2"]
[White "Olariu, Luca-Stefan"]
[Black "Ognean, Mihnea Ionut"]
[Result "0-1"]
[WhiteElo "1478"]
[BlackElo "1910"]
[PlyCount "62"]
[EventDate "2015.03.30"]
[EventRounds "7"]

1. e4 c5 2. Nf3 e6 3. c4 Nc6 4. Be2 Nf6 5. Nc3 Qc7 6. O-O a6 7. d4 cxd4 8. Nxd4
Bb4 9. Nxc6 bxc6 10. Qc2 O-O 11. Bf3 Bb7 12. a3 Bd6 13. g3 c5 14. Qd3 Be5 15.
Re1 Rad8 16. Bg2 Rfe8 17. Bd2 Bc6 18. Be3 Qb6 19. f4 Bd4 20. Bxd4 cxd4 21. Ne2
d5 22. Qxd4 Qb3 23. cxd5 exd5 24. exd5 Bxd5 25. Bxd5 Rxd5 26. Qc3 Qb6+ 27. Kh1
Ne4 28. Qf3 Rd3 29. Qf1 Nf2+ 30. Kg2 Qb7+ 31. Kg1 Qh1+ 0-1